[Event "Tenerife op 22nd"]
[Site "Santa Cruz de Tenerife"]
[Date "2011.12.20"]
[Round "3"]
[White "Rodriguez Lapetra, Pablo"]
[Black "Korneev, Svyatoslav"]
[Result "1/2-1/2"]
[WhiteElo "2153"]
[BlackElo "1915"]
[PlyCount "64"]
[EventDate "2011.12.18"]
[EventType "swiss"]
[EventRounds "9"]
[EventCountry "ESP"]
[SourceTitle "CBM 146 Extra"]
[Source "ChessBase"]
[SourceDate "2012.02.29"]
[SourceVersion "1"]
[SourceVersionDate "2012.02.29"]
[SourceQuality "1"]

1. e4 e6 2. d4 d5 3. exd5 exd5 4. Nf3 Nc6 5. Bd3 Bg4 6. c3 Bd6 7. Qe2+ Nge7 8. Nbd2 Qd7 9. Nf1 0-0-0 10. Be3 Rde8 11. h3 Bf5 12. 0-0-0 Ng6 13. Bxf5 Qxf5 14. Qc2 Qd7 15. g3 Re7 16. h4 Rhe8 17. Ng5 Rh8 18. h5 Nf8 19. h6 g6 20. Kb1 f6 21. Nh3 Na5 22. Nf4 Qb5 23. Nd2 Ne6 24. Nd3 Rhe8 25. Nb3 Nc4 26. Bc1 Nd8 27. Rhe1 Nc6 28. Ka1 N6a5 29. Rxe7 Rxe7 30. Nxa5 Nxa5 31. b3 Qe8 32. Bf4 Re2 1/2-1/2

[Event "Gran Canaria CupT"]
[Site "Gran Canaria"]
[Date "2011.06.05"]
[Round "7.2"]
[White "Rodriguez Lapetra, Pablo"]
[Black "Perez Aleman, Pedro Tomas"]
[Result "1/2-1/2"]
[WhiteElo "2105"]
[BlackElo "2107"]
[PlyCount "38"]
[EventDate "2011.06.02"]
[EventType "team-tourn"]
[EventRounds "7"]
[EventCountry "ESP"]
[SourceTitle "CBM 142 Extra"]
[Source "ChessBase"]
[SourceDate "2011.06.27"]
[SourceVersion "1"]
[SourceVersionDate "2011.06.27"]
[SourceQuality "1"]
[WhiteTeam "Tenerife CajaCanarias"]
[BlackTeam "Sociedad Democracia"]
[WhiteTeamCountry "ESP"]
[BlackTeamCountry "ESP"]

1. e4 e5 2. Nf3 Nc6 3. Bc4 Bc5 4. c3 Nf6 5. d3 d6 6. Bb3 Bb6 7. 0-0 0-0 8. Nbd2 Be6 9. Nc4 Na5 10. Nxb6 Nxb3 11. Nxa8 Nxa1 12. Bg5 Qxa8 13. Bxf6 gxf6 14. Qxa1 Kh8 15. Qc1 Rg8 16. Nh4 Qf8 17. Qe3 Qg7 18. g3 Bh3 19. Ng2 b6 1/2-1/2

[Event "La Laguna U18"]
[Site "La Laguna"]
[Date "2011.05.19"]
[Round "8.3"]
[White "Pozo Vinuesa, Elena"]
[Black "Rodriguez Lapetra, Pablo"]
[Result "0-1"]
[WhiteElo "1539"]
[BlackElo "2105"]
[PlyCount "76"]
[EventDate "2011.05.14"]
[EventType "swiss"]
[EventRounds "9"]
[EventCountry "ESP"]
[SourceTitle "EXT 2024"]
[Source "ChessBase"]
[SourceDate "2023.10.10"]
[SourceVersion "1"]
[SourceVersionDate "2023.10.10"]
[SourceQuality "1"]

1. e4 c5 2. Nf3 Nc6 3. d4 cxd4 4. Nxd4 Nf6 5. Nc3 e5 6. Ndb5 d6 7. f3 a6 8. Na3 Be7 9. Be3 0-0 10. Bd3 Be6 11. 0-0 d5 12. exd5 Nxd5 13. Nxd5 Bxd5 14. c4 Be6 15. Nc2 Qc7 16. Qe2 Rfd8 17. Rfd1 Rac8 18. b3 Bf6 19. Rac1 Re8 20. Qf2 Qb8 21. f4 Bg4 22. Re1 e4 23. Be2 Bxe2 24. Qxe2 Rcd8 25. Qg4 Rd3 26. Rcd1 Qd8 27. f5 Ne5 28. Qe2 Qd7 29. Rd2 Qxf5 30. Nd4 Qg6 31. Red1 Ng4 32. Nc2 Nxe3 33. Nxe3 Bd4 34. Rxd3 exd3 35. Rxd3 Qb6 36. Kf2 f5 37. Qf3 Bxe3+ 38. Rxe3 f4 0-1

[Event "La Laguna U18"]
[Site "La Laguna"]
[Date "2011.05.18"]
[Round "7.2"]
[White "Rodriguez Lapetra, Pablo"]
[Black "Mukhi Talreja, Ishita Tina"]
[Result "1-0"]
[WhiteElo "2105"]
[BlackElo "1506"]
[PlyCount "65"]
[EventDate "2011.05.14"]
[EventType "swiss"]
[EventRounds "9"]
[EventCountry "ESP"]
[SourceTitle "EXT 2024"]
[Source "ChessBase"]
[SourceDate "2023.10.10"]
[SourceVersion "1"]
[SourceVersionDate "2023.10.10"]
[SourceQuality "1"]

1. e4 c5 2. Nf3 d6 3. Nc3 Nc6 4. Bc4 Nf6 5. 0-0 g6 6. Re1 Bg7 7. h3 0-0 8. d3 Na5 9. Bg5 Nxc4 10. dxc4 h6 11. Bxf6 Bxf6 12. Qd2 Kh7 13. Rad1 Be6 14. b3 g5 15. Nh2 Be5 16. Ng4 Bf4 17. Qd3 Kg7 18. Ne3 Rh8 19. Ncd5 Bxe3 20. Rxe3 f6 21. Rg3 Kf7 22. f4 gxf4 23. Nxf4 Qd7 24. Qf3 Ke8 25. Rg7 Kd8 26. Ng6 Rg8 27. Rxe7 Qxe7 28. Nxe7 Kxe7 29. e5 fxe5 30. Qxb7+ Bd7 31. Qd5 Bxh3 32. Qxd6+ Kf7 33. Rf1+ 1-0

[Event "La Laguna U18"]
[Site "La Laguna"]
[Date "2011.05.17"]
[Round "6.2"]
[White "Gonzalez Garcia, Zoilo"]
[Black "Rodriguez Lapetra, Pablo"]
[Result "0-1"]
[WhiteElo "1659"]
[BlackElo "2105"]
[PlyCount "132"]
[EventDate "2011.05.14"]
[EventType "swiss"]
[EventRounds "9"]
[EventCountry "ESP"]
[SourceTitle "EXT 2024"]
[Source "ChessBase"]
[SourceDate "2023.10.10"]
[SourceVersion "1"]
[SourceVersionDate "2023.10.10"]
[SourceQuality "1"]

1. b3 e5 2. Bb2 Nc6 3. e3 Bd6 4. Ne2 Nf6 5. g3 b6 6. Bg2 Bb7 7. 0-0 0-0 8. d3 Qe7 9. a3 Rfe8 10. Nd2 Na5 11. e4 c5 12. Nc3 Rad8 13. Nc4 Nc6 14. Ne3 Nd4 15. Ncd5 Nxd5 16. Nxd5 Qg5 17. h4 Qg6 18. c3 Nc6 19. Bh3 f6 20. Bf5 Qf7 21. h5 Ne7 22. Nxe7+ Bxe7 23. Qg4 Bf8 24. Kg2 d5 25. Rh1 Bc8 26. Bxc8 Rxc8 27. c4 dxc4 28. dxc4 Rcd8 29. Rad1 Qb7 30. Kf3 b5 31. Rxd8 Rxd8 32. Qe6+ Qf7 33. Qxf7+ Kxf7 34. Ke3 bxc4 35. bxc4 Rb8 36. Rb1 g6 37. hxg6+ hxg6 38. Kd2 Rb3 39. Kc2 Rf3 40. Rf1 Bh6 41. Bc3 Be3 42. a4 g5 43. Rb1 Rxf2+ 44. Kd3 Rf3 45. Ke2 Rxg3 46. Rb7+ Kg6 47. Rxa7 Bg1 48. Bd2 Ra3 49. a5 Ra4 50. Kd3 Kh5 51. Ra8 Kg4 52. a6 Kf3 53. a7 Ra3+ 54. Kc2 Kxe4 55. Kb2 Ra6 56. Kc2 Bd4 57. Bc1 Ra4 58. Kb3 Rb4+ 59. Ka3 Rb1 60. Bb2 Bxb2+ 61. Ka2 Ra1+ 62. Kxb2 Ra6 63. Kc2 f5 64. Kd2 g4 65. Ke2 Ra2+ 66. Kf1 f4 0-1

[Event "ESP-chT U16"]
[Site "Benidorm"]
[Date "2010.12.07"]
[Round "4"]
[White "Montoliu Cervero, Francisco"]
[Black "Rodriguez Lapetra, Pablo"]
[Result "1-0"]
[WhiteElo "2100"]
[BlackElo "2117"]
[PlyCount "131"]
[EventDate "2010.12.04"]
[EventType "team"]
[EventRounds "6"]
[EventCountry "ESP"]
[SourceTitle "EXT 2014"]
[Source "ChessBase"]
[SourceDate "2013.11.20"]
[SourceVersion "1"]
[SourceVersionDate "2013.11.20"]
[SourceQuality "1"]

1. e4 c5 2. Nf3 e6 3. d4 cxd4 4. Nxd4 Nc6 5. Nc3 Qc7 6. Be3 a6 7. Qd2 Nf6 8. 0-0-0 Bb4 9. f3 0-0 10. g4 b5 11. g5 Ne8 12. a3 Be7 13. Nxc6 dxc6 14. Ne2 Bb7 15. h4 Rd8 16. Qe1 Rxd1+ 17. Qxd1 Nd6 18. Bf4 Rd8 19. Qe1 Qb6 20. Ng3 c5 21. Bd2 b4 22. axb4 cxb4 23. Bxb4 Nc4 24. Bc3 Qc6 25. Bxc4 Qxc4 26. Kb1 Bf8 27. h5 Bc6 28. Qe2 Qa4 29. Rd1 Rb8 30. Rd4 Qb5 31. Qxb5 Bxb5 32. Bb4 e5 33. Bd6 exd4 34. Bxb8 g6 35. Kc1 h6 36. Bf4 Kh7 37. hxg6+ fxg6 38. gxh6 a5 39. Bg5 a4 40. e5 Bc6 41. e6 Bxh6 42. Bxh6 Kxh6 43. Ne4 Kg7 44. Kd2 Kf8 45. Kd3 Ke7 46. Kxd4 Kxe6 47. c4 Kf5 48. Ke3 g5 49. Nf2 Ke5 50. Ng4+ Kf5 51. Nh2 Ke5 52. Nf1 Kd6 53. Nd2 Kc5 54. Kd3 Bb7 55. Kc3 Bc6 56. b4+ axb3 57. Nxb3+ Kd6 58. Nd4 Bd7 59. Kd3 Ke5 60. Ke3 Be8 61. c5 Bh5 62. c6 Kd6 63. Kf2 Be8 64. Kg3 Ke5 65. c7 Bd7 66. Nb5 1-0

[Event "Tenerife Cristo Centenario op"]
[Site "Tenerife "]
[Date "2010.09.21"]
[Round "2"]
[White "Damaso Tacoronte, Carolina"]
[Black "Rodriguez Lapetra, Pablo"]
[Result "0-1"]
[WhiteElo "1860"]
[BlackElo "2111"]
[PlyCount "134"]
[EventDate "2010.09.20"]
[EventType "swiss"]
[EventRounds "9"]
[EventCountry "ESP"]
[SourceTitle "EXT 2013"]
[Source "ChessBase"]
[SourceDate "2012.11.22"]
[SourceVersion "1"]
[SourceVersionDate "2012.11.22"]
[SourceQuality "1"]

1. d4 Nf6 2. c4 g6 3. Nc3 d5 4. e3 Bg7 5. Nf3 0-0 6. Bd3 dxc4 7. Bxc4 c5 8. 0-0 Nc6 9. dxc5 Qa5 10. Qc2 Qxc5 11. Ne2 Be6 12. Bd3 Qxc2 13. Bxc2 Bc4 14. Re1 Nb4 15. Bd1 Nxa2 16. b3 Nxc1 17. Rxc1 Ba6 18. Nc3 Rfd8 19. Nd4 Nd5 20. Nxd5 Rxd5 21. Bf3 Rd7 22. Nc2 Rad8 23. Nb4 Bb5 24. Na2 Bd3 25. Nc3 Bf5 26. Ne4 b6 27. b4 a5 28. bxa5 bxa5 29. Nc5 Ra7 30. e4 Bc8 31. e5 Rc7 32. Nb3 Rxc1 33. Rxc1 a4 34. Nc5 Bxe5 35. Nxa4 Bf5 36. Nb6 Bd4 37. Nd5 Kf8 38. Nf4 e5 39. Nh3 e4 40. Be2 e3 41. g4 Bc8 42. Rd1 h5 43. fxe3 Bxe3+ 44. Nf2 Rxd1+ 45. Bxd1 Bxg4 46. Ba4 Bc8 47. Kg2 Bb7+ 48. Kf1 Bf4 49. h3 Bg3 50. Bd1 Bc8 51. Ne4 Bxh3+ 52. Kg1 Bc7 53. Ng5 Bc8 54. Bb3 Bb6+ 55. Kh2 f6 56. Ne4 Bd4 57. Bd1 Kg7 58. Kg3 Be5+ 59. Kf2 Bb7 60. Nd2 h4 61. Bg4 f5 62. Bh3 Kf6 63. Bf1 g5 64. Nb3 Bd5 65. Nc1 g4 66. Ne2 f4 67. Nxf4 Bxf4 0-1

[Event "ESP-ch U16"]
[Site "Linares"]
[Date "2010.07.23"]
[Round "6"]
[White "Coll Ortega, Cristina"]
[Black "Rodriguez Lapetra, Pablo"]
[Result "1/2-1/2"]
[WhiteElo "1895"]
[BlackElo "2138"]
[PlyCount "104"]
[EventDate "2010.07.20"]
[EventType "swiss"]
[EventRounds "9"]
[EventCountry "ESP"]
[SourceTitle "CBM 137 Extra"]
[Source "ChessBase"]
[SourceDate "2010.09.01"]
[SourceVersion "1"]
[SourceVersionDate "2010.09.01"]
[SourceQuality "1"]

1. e4 c5 2. Nf3 e6 3. d3 Nc6 4. g3 Nge7 5. Bg2 g6 6. 0-0 Bg7 7. Re1 d6 8. c3 0-0 9. d4 e5 10. d5 Nb8 11. Be3 Na6 12. Qd2 f5 13. Nh4 Nc7 14. f4 fxe4 15. Bxe4 Nf5 16. Bxf5 Bxf5 17. fxe5 Bxe5 18. Bxc5 Bxb1 19. Raxb1 Bf6 20. Bf2 Bxh4 21. gxh4 Rf5 22. c4 Qf6 23. Bg3 Rf8 24. Rbd1 Ne8 25. Qd4 Qf7 26. Qe4 Rf6 27. Qe2 Ng7 28. Rf1 Nf5 29. Qd3 Qc7 30. Bf2 Qg7 31. Qd2 Qc7 32. b3 b6 33. Rde1 Qd8 34. Qg5 h6 35. Qg4 Qc8 36. Bd4 Nxd4 37. Qxd4 Rxf1+ 38. Rxf1 Rxf1+ 39. Kxf1 Qf5+ 40. Kg2 Qc2+ 41. Qf2 Qe4+ 42. Kg3 Qe5+ 43. Kf3 Qf5+ 44. Ke3 Qe5+ 45. Kd3 Qa1 46. Qc2 Qf1+ 47. Kc3 Kg7 48. Kb2 Qf4 49. Qc3+ Kh7 50. Qg3 Qd2+ 51. Kb1 Qd1+ 52. Kb2 Qd2+ 1/2-1/2

[Event "ESP-ch U16"]
[Site "Linares"]
[Date "2010.07.22"]
[Round "4"]
[White "Navarro Molina, David"]
[Black "Rodriguez Lapetra, Pablo"]
[Result "1-0"]
[WhiteElo "2012"]
[BlackElo "2138"]
[PlyCount "55"]
[EventDate "2010.07.20"]
[EventType "swiss"]
[EventRounds "9"]
[EventCountry "ESP"]
[SourceTitle "CBM 137 Extra"]
[Source "ChessBase"]
[SourceDate "2010.09.01"]
[SourceVersion "1"]
[SourceVersionDate "2010.09.01"]
[SourceQuality "1"]

1. d4 Nf6 2. c4 g6 3. Nc3 d5 4. cxd5 Nxd5 5. e4 Nxc3 6. bxc3 Bg7 7. Be3 c5 8. Qd2 Qa5 9. Rc1 0-0 10. Nf3 Rd8 11. d5 e6 12. Bg5 f6 13. Bf4 Nc6 14. Be2 Qa4 15. c4 Nb4 16. 0-0 Qxa2 17. Qe3 Qa5 18. e5 f5 19. Bg5 Re8 20. d6 Qb6 21. h4 Qc6 22. h5 a5 23. hxg6 Qe4 24. gxh7+ Kxh7 25. Qd2 Bd7 26. Rfe1 a4 27. Bf6 Bh6 28. Ng5+ 1-0

[Event "Santa Cruz Cup-chT"]
[Site "Santa Cruz"]
[Date "2010.05.26"]
[Round "1"]
[White "Mendivil Anton, Daniel"]
[Black "Rodriguez Lapetra, Pablo"]
[Result "1-0"]
[WhiteElo "2245"]
[BlackElo "2134"]
[PlyCount "83"]
[EventDate "2010.05.26"]
[EventType "team"]
[EventRounds "7"]
[EventCountry "ESP"]
[SourceTitle "CBM 136 Extra"]
[Source "ChessBase"]
[SourceDate "2010.07.02"]
[SourceVersion "2"]
[SourceVersionDate "2010.07.15"]
[SourceQuality "1"]
[WhiteTeam "Ebano Casa Venezuela"]
[BlackTeam "Cajacanarias"]
[WhiteTeamCountry "ESP"]
[BlackTeamCountry "ESP"]

1. d4 Nf6 2. Bg5 d5 3. Nd2 Nbd7 4. e3 c5 5. c3 Qb6 6. Qb3 Qe6 7. Ne2 c4 8. Qc2 Qc6 9. f3 e6 10. e4 b5 11. e5 Ng8 12. f4 Nb6 13. Nf3 a5 14. g4 b4 15. Bg2 a4 16. cxb4 Bxb4+ 17. Kf2 Ne7 18. Rhc1 Bd7 19. Kg1 a3 20. b3 Rc8 21. Rab1 h6 22. Bh4 Ng6 23. Bg3 Be7 24. f5 Nf8 25. Nf4 Nh7 26. Nd2 Bb4 27. bxc4 Bxd2 28. Qxd2 Nxc4 29. Qd3 0-0 30. Nh5 f6 31. fxe6 Bxe6 32. Qg6 Qd7 33. h3 Qf7 34. Qxf7+ Bxf7 35. Nf4 fxe5 36. Nxd5 Rce8 37. dxe5 Ng5 38. Rb7 Rb8 39. Rxb8 Rxb8 40. e6 Rb2 41. exf7+ Nxf7 42. Rxc4 1-0

[Event "La Laguna op 4th"]
[Site "La Laguna"]
[Date "2010.04.07"]
[Round "4"]
[White "Rodriguez Lapetra, Pablo"]
[Black "Henriquez Garcia, David"]
[Result "1/2-1/2"]
[WhiteElo "2105"]
[BlackElo "2014"]
[PlyCount "60"]
[EventDate "2010.04.05"]
[EventType "swiss"]
[EventRounds "9"]
[EventCountry "ESP"]
[SourceTitle "CBM 135 Extra"]
[Source "ChessBase"]
[SourceDate "2010.05.04"]
[SourceVersion "1"]
[SourceVersionDate "2010.05.04"]
[SourceQuality "1"]

1. e4 e6 2. d4 d5 3. Nc3 Bb4 4. e5 Ne7 5. a3 Bxc3+ 6. bxc3 c5 7. Nf3 Nbc6 8. Bd3 Qa5 9. Bd2 c4 10. Be2 Bd7 11. Qb1 Qc7 12. a4 0-0-0 13. Bc1 f6 14. Ba3 Qa5 15. Bb4 Nxb4 16. cxb4 Qc7 17. 0-0 Be8 18. Re1 Bh5 19. Bd1 Bxf3 20. Bxf3 f5 21. a5 g5 22. b5 Qd7 23. Qb4 Kb8 24. c3 h5 25. Bd1 Ng6 26. Ba4 Qe7 27. Qxe7 Nxe7 28. Bc2 h4 29. Rab1 g4 30. a6 b6 1/2-1/2

[Event "La Laguna op 4th"]
[Site "La Laguna"]
[Date "2010.04.06"]
[Round "2"]
[White "Rodriguez Lapetra, Pablo"]
[Black "Ulybin, Mikhail"]
[Result "0-1"]
[WhiteElo "2105"]
[BlackElo "2516"]
[PlyCount "127"]
[EventDate "2010.04.05"]
[EventType "swiss"]
[EventRounds "9"]
[EventCountry "ESP"]
[SourceTitle "CBM 135 Extra"]
[Source "ChessBase"]
[SourceDate "2010.05.04"]
[SourceVersion "1"]
[SourceVersionDate "2010.05.04"]
[SourceQuality "1"]

1. e4 e6 2. d4 d5 3. Nc3 Bb4 4. e5 b6 5. a3 Bf8 6. f4 Nh6 7. Nf3 Ba6 8. Bxa6 Nxa6 9. Qd3 Nb8 10. Be3 Qd7 11. 0-0 Be7 12. Kh1 Nf5 13. Bd2 h5 14. Nd1 Nc6 15. b4 a5 16. b5 Na7 17. Nc3 0-0 18. Rfb1 Rfc8 19. Rb2 c6 20. bxc6 Rxc6 21. Nb5 Rac8 22. a4 Rc4 23. c3 Nxb5 24. Rxb5 R8c6 25. Kg1 Bd8 26. g3 g6 27. Kg2 Rxa4 28. Rxa4 Rc4 29. Rbb4 axb4 30. Rxb4 Qc6 31. Kf2 Rxb4 32. cxb4 Qc4 33. Qxc4 dxc4 34. b5 Ne7 35. Bc1 Nd5 36. Nd2 Nb4 37. Ke2 Na2 38. Kd1 Nc3+ 39. Kc2 Nxb5 40. Bb2 Kf8 41. Nxc4 Ke8 42. Kb3 Kd7 43. Ne3 Kc6 44. Kc4 Nc7 45. Ba3 b5+ 46. Kd3 Nd5 47. Ng2 b4 48. Bb2 Kb5 49. Bc1 Ka4 50. Kc2 b3+ 51. Kb2 Bb6 52. Bd2 Bxd4+ 53. Kb1 Bc3 54. Bc1 Bd4 55. Ne1 Nc3+ 56. Kb2 Nb5+ 57. Kb1 Bc5 58. Bb2 Kb4 59. Nf3 Be7 60. Nd2 Bd8 61. Ne4 Be7 62. Nd2 Nc7 63. Bd4 Nb5 64. Bb2 0-1

[Event "La Laguna op 4th"]
[Site "La Laguna"]
[Date "2010.04.05"]
[Round "1"]
[White "Rodriguez Lapetra, Pablo"]
[Black "Galvan Sarmiento, Jose Luis"]
[Result "0-1"]
[WhiteElo "2105"]
[BlackElo "2061"]
[PlyCount "48"]
[EventDate "2010.04.05"]
[EventType "swiss"]
[EventRounds "9"]
[EventCountry "ESP"]
[SourceTitle "CBM 135 Extra"]
[Source "ChessBase"]
[SourceDate "2010.05.04"]
[SourceVersion "1"]
[SourceVersionDate "2010.05.04"]
[SourceQuality "1"]

1. e4 e5 2. Nf3 Nc6 3. d4 exd4 4. Nxd4 Bc5 5. Be3 Bb6 6. Bb5 Nge7 7. 0-0 0-0 8. c3 d6 9. Bxc6 bxc6 10. Nd2 d5 11. e5 c5 12. Nb5 a6 13. Na3 Nf5 14. Nf3 Nxe3 15. fxe3 Bb7 16. Nc2 Qe7 17. Nce1 f6 18. Nd3 c4 19. Nf2 fxe5 20. Kh1 Bxe3 21. Qe1 d4 22. cxd4 Rxf3 23. gxf3 Bxf3+ 24. Kg1 Qg5# 0-1

[Event "San Sebastian op 33rd"]
[Site "San Sebastian"]
[Date "2010.04.03"]
[Round "8"]
[White "Collins, Sam E"]
[Black "Rodriguez Lapetra, Pablo"]
[Result "1-0"]
[WhiteElo "2401"]
[BlackElo "2105"]
[PlyCount "41"]
[EventDate "2010.03.28"]
[EventType "swiss"]
[EventRounds "9"]
[EventCountry "ESP"]
[SourceTitle "CBM 135 Extra"]
[Source "ChessBase"]
[SourceDate "2010.05.04"]
[SourceVersion "1"]
[SourceVersionDate "2010.05.04"]
[SourceQuality "1"]

1. e4 c5 2. Nc3 Nc6 3. Bb5 e6 4. Bxc6 bxc6 5. d3 d5 6. f4 Nf6 7. e5 Nd7 8. Nf3 Ba6 9. 0-0 Be7 10. Qe1 Qc7 11. f5 c4 12. Qg3 g6 13. fxe6 fxe6 14. Bg5 Nf8 15. Bxe7 Qxe7 16. Ng5 cxd3 17. Nf7 Qb4 18. Nd6+ Kd8 19. Qg5+ Kc7 20. Qe7+ Kb6 21. Nc8+ 1-0

[Event "San Sebastian op 33rd"]
[Site "San Sebastian"]
[Date "2010.03.31"]
[Round "4"]
[White "Llaneza Vega, Marcos"]
[Black "Rodriguez Lapetra, Pablo"]
[Result "1-0"]
[WhiteElo "2514"]
[BlackElo "2105"]
[PlyCount "73"]
[EventDate "2010.03.28"]
[EventType "swiss"]
[EventRounds "9"]
[EventCountry "ESP"]
[SourceTitle "CBM 135 Extra"]
[Source "ChessBase"]
[SourceDate "2010.05.04"]
[SourceVersion "1"]
[SourceVersionDate "2010.05.04"]
[SourceQuality "1"]

1. c4 Nf6 2. Nc3 d5 3. e3 g6 4. Qb3 d4 5. exd4 Qxd4 6. Nf3 Qb6 7. d4 Bg7 8. Bf4 c6 9. Be2 Bf5 10. 0-0 Nbd7 11. Qa3 0-0 12. Rfd1 Rfe8 13. h3 Ne4 14. Be3 Nxc3 15. bxc3 Nf6 16. d5 Qc7 17. Nd4 Bd7 18. Bf3 e5 19. d6 Qc8 20. Nb3 b6 21. Qc1 e4 22. Be2 c5 23. a4 a5 24. Bg5 Re5 25. Bf4 Re6 26. Nd2 Ne8 27. Nf1 f5 28. Ne3 Bf8 29. Nd5 Qc6 30. Rb1 Rb8 31. g4 Bxd6 32. gxf5 gxf5 33. Bh5 Kh8 34. Bf7 Bxf4 35. Qxf4 Rd6 36. Qe5+ Ng7 37. Ne7 1-0